Statystyki dla Najgorsi dyktatorzy w historii #3

Kliknij tutaj aby rozwiązać quiz!

Ogólne statystyki

  • Ten quiz został rozwiązany 106 razy
  • Średni wynik to 2 z 10

Statystyki odpowiedzi

KrajZabitych LudziDyktator% Poprawnych
Korea Północna1,6mlnKim Ir Sen
99%
Jugosławia570tysJosip Broz Tito
50%
Zimbabwe15tysRobert Mugabe
27%
Indonezja500tysSukarno
5%
Wietnam Północny200tysHo Chin Minh
3%
Etiopia1,5mlnMengistu Haile Mariam
1%
Gwatemala70tysEfrain Rios Montt
0%
Burundi150tysMichel Micombero
0%
Afganistan400tysMullah Omar
0%
Nigeria1mlnYakubu Gowan
0%

Rozkład punktacji

Percentyl według liczby udzielonych odpowiedzi

Procent ludzi z każdym wynikiem

Twoja historia wyników

Nie rozwiązałeś tego quizu